000 00591nam a22001817a 4500
003 JO-AjAnu
005 20231129100046.0
008 231129b jo ||||| |||| 00| 0 ara d
040 _aJO-AjAnu
_bARA
_cJO-AjAnu
041 _aARA
050 _aTX353
_aH3776
100 1 _aالحريري، رافدة
_942865
_eمؤلف
245 2 _aالتغذية والتربية الغذائية /
_cرافدة الحريري
260 _aعمان :
_bدار اليازوري للنشر والتوزيع،
_c[د.ت]
300 _a284صفحة
650 7 0 _aالتغذية
_915754
942 _2lcc
_cBK
_n0
999 _c33192
_d33192